| 000 | 00325 a2200133 4500 | ||
|---|---|---|---|
| 999 |
_c299789 _d299789 |
||
| 001 | 64716 | ||
| 003 | NUST | ||
| 005 | 20180119102728.0 | ||
| 008 | 180119b xxu||||| |||| 00| 0 eng d | ||
| 082 | _a516.06 JAS | ||
| 100 |
_aJasmer Singh _99049 |
||
| 245 |
_aSolid Geometry _pCAEVol 2 |
||
| 250 | _a1 | ||
| 260 |
_aNew Delhi _bDominant Pub & Distributors _c2003 |
||
| 300 | _aviii, 331-609p.. | ||
| 942 |
_aNUST-CAE _cBK _k516.06 JAS _2ddc |
||